| 000 | 01355cam a22001934a 4500 | ||
|---|---|---|---|
| 005 | 20250605164202.0 | ||
| 008 | 250528s ||||||||||||||||||||||||d | ||
| 035 | _a19775 | ||
| 020 | _a9604022008 | ||
| 040 |
_aGR-AtMCL _bgre _dGR-AtMCL _eAACR2 |
||
| 245 | 1 | _aΚοινωνική Ψυχολογία / Εισαγωγή στη Μελέτη της Κοινωνικής Συμπεριφοράς | |
| 260 |
_bΤυπωθήτω, _c2006 |
||
| 300 | _a400 | ||
| 520 | _aΤο αντικείμενο μελέτης της Κοινωνικής Ψυχολογίας είναι η κοινωνική συμπεριφορά. Πρόλογος, Εισαγωγή: Το Αντικείμενο και οι Μέθοδοι της Κοινωνικής Ψυχολογίας, Κοινωνική Νόηση, Κοινωνική Απόδοση, Στάσεις, Κοινωνική Επιρροή, Κοινωνικές Ομάδες: Επίδοση και Ηγεσία και Λήψη Αποφάσεων, Προκατάληψη και Διομαδικές Σχέσεις, Επιθετικότητα, Θετική Κοινωνική Συμπεριφορά, Διαπροσωπικές Σχέσεις, Βιβλιογραφία, Ευρετήριο Ονομάτων και Όρων. | ||
| 700 | 1 |
_aΚοκκινάκη Φλώρα _95542 |
|
| 942 | _cBK | ||
| 999 |
_c5031 _d5031 |
||